Nurturing excellence of our Yova Shakti (Record no. 521955)

000 -LEADER
fixed length control field 00539nam a22001457a 4500
008 - FIXED-LENGTH DATA ELEMENTS--GENERAL INFORMATION
fixed length control field 230306b ||||| |||| 00| 0 eng d
100 ## - MAIN ENTRY--PERSONAL NAME
Personal name Lal, Bharat
245 ## - TITLE STATEMENT
Title Nurturing excellence of our Yova Shakti
260 ## - PUBLICATION, DISTRIBUTION, ETC. (IMPRINT)
Place of publication, distribution, etc Yojana
300 ## - PHYSICAL DESCRIPTION
Extent 67(2), Feb, 2023: p.11-14
520 ## - SUMMARY, ETC.
Summary, etc This Rig Vedic phrase reminds us that it is the youth who pave the way for a better would. With India’s median age today being 29 years , we are witnessing a youth bulge. – Reproduced
773 ## - HOST ITEM ENTRY
Main entry heading Yojana
906 ## - LOCAL DATA ELEMENT F, LDF (RLIN)
Subject DIP YOUTH
942 ## - ADDED ENTRY ELEMENTS (KOHA)
Item type Articles
Holdings
Withdrawn status Lost status Source of classification or shelving scheme Damaged status Not for loan Permanent location Current location Date acquired Serial Enumeration / chronology Barcode Date last seen Koha item type
          Indian Institute of Public Administration Indian Institute of Public Administration 2023-03-06 67(2), Feb, 2023: p.11-14 AR128219 2023-03-06 Articles

Powered by Koha